| 000 | 00464nam a22001817a 4500 | ||
|---|---|---|---|
| 005 | 20230925164844.0 | ||
| 008 | 230925b |||||||| |||| 00| 0 eng d | ||
| 082 |
_a574.192 _bAHM-E |
||
| 100 | _aMushtaq Ahmed | ||
| 245 | _aEssentials oF Medical Biochemistry | ||
| 260 |
_aPakistan _bNational Book Foundation _c1975 |
||
| 300 | _a786 | ||
| 490 | _vVol-2 | ||
| 500 | _aInclude Index | ||
| 650 | _aMedical/Biochemistry | ||
| 700 | _aMushtaq Ahmed | ||
| 999 |
_c33684 _d33684 |
||